V Košiciach -Barci odhalili P. Kušnírovi pamätnú tabuľu

Bibliographic Details
Main Author: Hospodár, Michal, 1965- (Author)
Format: Article
Language:Slovak
PhysicalDescription:Fotogr.
Subjects:

MARC

LEADER 00000nab a2200000 a 4500
001 vtls010519052
003 SK-MaSNL
005 20260305025746.0
008 130612c2013 xo drz 0 0slo
038 |a KEVKJB 
040 |a KEVKJB  |b slo  |c KEVKJB  |e AACR2 
041 0 |a slo 
044 |a xo  |c SK 
080 |a 371-051  |2 2001 
080 |a 730.027  |2 2001 
100 1 |a Hospodár, Michal,  |d 1965-  |4 aut  |9 183598 
245 1 0 |a V Košiciach -Barci odhalili P. Kušnírovi pamätnú tabuľu  |c Michal Hospodár 
300 |b Fotogr. 
600 1 7 |a Kušnír, Pavol,  |d 1935-2003  |2 kevkjb  |9 155850 
650 0 7 |a pamätné tabule  |2 kevkjb  |9 29445 
650 0 7 |a rodáci  |2 kevkjb  |9 30842 
651 7 |a Košice (Slovensko)  |2 kevkjb  |9 18694 
651 7 |a Trebišov (Slovensko : okres)  |2 snkbucl  |9 56230 
651 7 |a Barca (Košice IV, Slovensko)  |2 kevkjb  |9 19218 
773 0 |t Barčiansky súčasník  |g Roč. XXIII, č. 2 (2013), s. 5 
852 |a KEVKJB  |b KIS3GCP 
958 |a BX 
999 |c 3307352  |d 3309282